| 000 | 01024nam a22003257a 4500 | ||
|---|---|---|---|
| 003 | CHAP | ||
| 005 | 20220817041654.0 | ||
| 008 | 971013s1975 r 00010 d | ||
| 010 | _a21228 | ||
| 011 | _a22200 | ||
| 035 | _a26293 | ||
| 040 | _cCHAP | ||
| 082 |
_a333.78 _bD6 1975 |
||
| 100 | 0 | 0 |
_aDouglas, Robert W. _934089 |
| 245 | _aForest recreation | ||
| 250 | _a2 ed. | ||
| 260 |
_aNew York : _bPergamon Press, _c1975 |
||
| 300 |
_a336 p. _b: ilus. ; gráfs. |
||
| 590 |
_aBATCH-UPD _b10 _c20130110 _lUCH01 _h1949 |
||
| 590 |
_aBATCH-UPD _b10 _c20130410 _lUCH01 _h1311 |
||
| 590 |
_aBATCH-UPD _b10 _c20130914 _lUCH01 _h1642 |
||
| 590 |
_aCONVERSION _b10 _c20130109 _lUCH01 _h1313 |
||
| 650 | 1 | 4 |
_aParques nacionales. _985696 |
| 650 | 1 | 4 |
_aRecursos naturales _xConservación. |
| 650 | 1 | 4 |
_aVida al aire libre. _9119148 |
| 901 | _aBK | ||
| 942 | _cLIBRO | ||
| 949 |
_a333.78 D6 1975 _bBC _cLIBRO _d33724000333886 _eLIBRO _h38744 _i26293 _si |
||
| 949 |
_a333.78 D6 1975 _bBC _cLIBRO _d33724000685566 _eLIBRO _fc.2 _h92968 _i26293 _si |
||
| 999 |
_c21228 _d21228 |
||